00585nam a2200193Ia 4500008004100000020000700041082001500048100002000063245004900083250000700132260005200139300002300191500000700214600002700221650001300248942000700261952010800268999001500376240925s9999 xx 000 0 und d aNA a297.63 AZI aAziz, Qutbuddin 4aThe Prophet of Islam: a belssing to mankind  aNA aRiyadh:bWorld Assembly of Muslim Youthc,1989. a97p.bNAfOriginal aNA aEngineering Technology aReligion cBK 011040708ETaUITUbUITUd2002-04-17eGiftl0o297.63 AZIpQ4310r2024-09-25 07:13:28w2024-09-25yBK c6809d6809